000 00237nam a22000857a 4500
008 160711b xxu||||| |||| 00| 0 eng d
100 _92607
_a Boer, C.D
245 _aThe if's and Ought's of Ethics
260 _aMich
_b Wms.Eerdnabs.Pub.Com
_c1936
999 _c2263
_d2263